000 00410nam a22001577a 4500
003 MACL
005 20151121123425.0
008 151121b xxu||||| |||| 00| 0 eng d
040 _cMACL
041 _aEnglish
082 _a330/BEN
100 _aBanerji, Arup
_917687
245 _aOld Routes North Indian Nomads and Bankers in Afghan Uzkek and Russian Lands
650 _aEconomic
_917688
942 _2ddc
_cBK
999 _c50789
_d50789